000 01531nam0a22002891 4500
001 rc\4848374
005 20250613015557.0
021 _aRU
_b[64-56771]
035 _a(NLR Aleph) 008897428
090 _a8680923
_c8680923
100 _a20130426d1964 |||y0rusy50 ca
101 0 _arus
102 _aRU
105 _ay z |||||
200 1 _aВнедрение новой техники в жилищное хозяйство г. Москвы
210 _a[Москва
_cБ. и.
_d1964]
215 _a21 с.
_d22
225 1 _aМосковский городской комитет КПСС. Исполком Московского городского Совета депутатов трудящихся. Московский городской совет профессиональных союзов. Городская техническая конференция "О повышении уровня технической эксплуатации и содержания жилых домов г. Москвы". Июль 1964 г. [Доклады]
300 _aОписано по 3-й с. На тит. л. и обл. только загл. серии
606 _aЖилищное хозяйство
_xВнедрение передовой технологии и техники
_2psbo
606 _aЖилищное хозяйство
_yМосква
_2psbo
700 1 _aТихомиров
_bС.С.
801 0 _aRU
_bNLR
_gpsbo
801 1 _aRU
_bELAR
_2rusmarc
852 _aNLR
_j64-6/8417
942 _cBOOK
980 _aNB